Missing Word: Alliterative Literature Quiz Stats

Quiz Updated Sep 8, 2015

Challenge
Share
Tweet
Embed
Score 0/16 Timer 03:00
0 Plays Today
Work Word % Correct
The _____ GatsbyGreat
100%
_____ and PrejudicePride
98.3%
___ of EdenEast
93.6%
_____ BeautyBlack
89.4%
_______ NicklebyNicholas
86.7%
Cat's _____Cradle
85.8%
Peter ___Pan
83.7%
Angela's _____Ashes
83.2%
Work Word % Correct
Fahrenheit ____451
78.5%
Rabbit, ___Run
73%
Bag of _____Bones
63.6%
The Pilgrim's _______Progress
60%
Billy ____Budd
48.7%
_____ MountainMagic
40.2%
______ DerondaDaniel
23.5%
The Sheltering ___Sky
20.3%

Today's Daily Dose

You're not logged in!

Compare scores with friends on all Sporcle quizzes.
Sign Up with Email
OR
Log In

You Might Also Like...

Show Comments

Extras

Top Quizzes Today


Score Distribution

Your Account Isn't Verified!

In order to create a playlist on Sporcle, you need to verify the email address you used during registration. Go to your Sporcle Settings to finish the process.